000 00619nam a22002057a 4500
005 20170124110035.0
010 _aA-782343
020 _c00.00
_a0863115845
035 _aA-782343
037 _bCen Lib/Ret
040 _adpl
_bEN
082 _a888
_bCIV
245 _aCivil lines :
_cedited by Rukun Advani...[et al.]
_bnew writing from India /
260 _bRavi Dayal Publishers
_c1996
_aNew Delhi
270 _a51 E Sujan SIngh Park
_bNew Delhi
_e110003
300 _a164p.
_c20cm(Hb)
650 _aWritings in India.
_922425
700 _aAdvani, Rukun
_9104432
942 _2ddc
_cEN
_h888
_mCIV
999 _c128108
_d128108